000 00329nam a2200157Ia 4500
100 _aPhilips
650 _aElectrical Engineering
490 _v2
942 _cBK
654 _aRadio theory
245 _aRadio theory
260 _bPeico electronics
_aBombay
_c1980
082 _a621.38
300 _a583
546 _aENGLISH
999 _c34241
_d34241